000 01217cpmaa2200301 a 4500
001 mm 79001825
003 DLC
005 20260227111638.0
008 800102|||||||||||| eng
010 _amm 79001825
040 _aDLC
_cDLC
_dDLC
_edacs
_dDLC
072 7 _aC
_2lcmd
100 1 _aStanwix, John,
_d1690?-1766.
245 0 0 _aJohn Stanwix correspondence,
_f1760 April 10.
300 _a1
_fitem.
506 0 _aOpen to research.
520 8 _aALS (Philadelphia, Pa.) concerning a military campaign in the French and Indian War addressed to Governor Horatio Sharpe of Maryland.
545 0 _aBritish army officer serving in colonial America.
546 _aCollection material in English.
580 _aForms part of: Miscellaneous Manuscripts collection.
600 1 0 _aSharpe, Horatio,
_d1718-1790.
610 1 0 _aGreat Britain.
_bArmy
_xColonial forces
_zAmerica.
651 0 _aUnited States
_xHistory
_yFrench and Indian War, 1754-1763
_xCampaigns.
651 0 _aAnglo-French War, 1755-1763.
656 7 _aArmy officers, British.
_2itoamc
999 _c40965
_d40965